Sveriges populäraste pizzor - Statistics

General Stats
  • This quiz has been taken 693 times
  • The average score is 4 of 10
Answer Stats
# % Topp 10 pizzasorter 2018 % Correct
3 11,27% Hawaii
87%
1 19,68% Kebabpizza
87%
2 15,93% Vesuvio
74%
6 7,30% Calzone
52%
4 9,80% Capricciosa
42%
5 7,83% Margherita
34%
8 2,29% Funghi
18%
9 1,89% Bussola
13%
7 3,55% Kycklingpizza
13%
10 1,66 % Gyrospizza
5%
No matching quizzes found
Score Distribution
Percent of People with Each Score
Percentile by Number Answered
Your Score History
You have not taken this quiz